000 00904cab a22002055a 4500
001 L159002
008 151202e20151200xxk 000 0 eng d
035 _a(Sirsi) u159002
041 0 _aeng
100 1 _aDuxbury, Nick
245 0 0 _aReturn to Bourneville
260 _c2015
490 _aInside Housing
_v20 November 2015, 12-14(3)
520 _aA number of firms in London including Deloitte and Ernst and Young are entering into deals with Build to Rent developments to help groups of employees such as recently qualified graduates and apprentices find affordable homes to rent and purchase. Compares these initiatives with George Cadbury's provision of housing in Bourneville in Birmingham to house Cadbury's workers at the end of the 19th Century.
590 _aKA
650 2 4 _aAffordable housing
_96215
651 4 _aUnited Kingdom
_y
690 _aResidential property
_96266
942 _n0
999 _c84764
_d84764